Fundamentals of Corporate Finance. (Record no. 5183)

MARC details
005 - DATE AND TIME OF LATEST TRANSACTION
control field 20250626061014.0
020 ## - INTERNATIONAL STANDARD BOOK NUMBER
International Standard Book Number 9780072319408
082 ## - DEWEY DECIMAL CLASSIFICATION NUMBER
Classification number 658.15 ROS
100 ## - MAIN ENTRY--PERSONAL NAME
Author name ROSS, A.S.
245 ## - TITLE STATEMENT
Title Fundamentals of Corporate Finance.
250 ## - EDITION STATEMENT
Edition statement 5th Ed.
260 ## - PUBLICATION, DISTRIBUTION, ETC.
Place of publication, distribution, etc. New York
Name of publisher, distributor, etc. Mc Graw Hill,
Date of publication, distribution, etc. 2000
300 ## - PHYSICAL DESCRIPTION
Extent xxxi,799p.:ill.,tables
Other physical details index
Dimensions 25cm.
700 ## - ADDED ENTRY--PERSONAL NAME
Other authors/Editors WESTERFIELD,R.W & JORDAN,B.
942 ## - ADDED ENTRY ELEMENTS (KOHA)
Source of classification or shelving scheme Dewey Decimal Classification
Koha item type Books
Holdings
Date last seen Total checkouts Full call number Barcode Cost, replacement price Price effective from Koha item type Lost status Source of classification or shelving scheme Damaged status Not for loan Withdrawn status Home library Current library Shelving location Date acquired Cost, normal purchase price
06/26/2025   658.15 ROS DOM000611 150000.00 06/26/2025 Books   Dewey Decimal Classification       CBE Dodoma CBE Dodoma General Collection 12/29/2003 50000.00
06/26/2025   658.15 ROS DOM000606 150000.00 06/26/2025 Books   Dewey Decimal Classification       CBE Dodoma CBE Dodoma General Collection 12/29/2003 50000.00
06/26/2025   658.15 ROS DOM000613 150000.00 06/26/2025 Books   Dewey Decimal Classification       CBE Dodoma CBE Dodoma General Collection 12/29/2003 50000.00
06/26/2025   658.15 ROS DOM000615 150000.00 06/26/2025 Books   Dewey Decimal Classification       CBE Dodoma CBE Dodoma General Collection 12/29/2003 50000.00